000 01411 a2200253 4500
001 41389
005 20260407155708.0
008 260407a2014 arg spa d
003 AR-UNSa-BCEJYS
040 _aAR-UNSa-BCEJYS
_bspa
_cAR-UNSa-BCEJYS
080 _a336.226.1
_xImpuestos a las ganancias o los beneficios (Impuesto Diferido)
245 1 0 _aReglamentación de la reforma del impuesto a las ganancias. Decreto 2334/2013
_pVenta de acciones y otros títulos valores. Dividendos y distribución de utilidades
264 1 _aBuenos Aires :
_bErrepar
_c2014
300 _a64 p.
_c21 cm.
505 _a1. Impuesto a las ganancias, decreto 2334/2013: la reglamentación de la reforma de la ley 26893 / Martín R. Caranta - 2. Decreto 2334/2013. Reforma en el decreto reglamentario de la ley de impuesto a las ganancias / Carlos J. Gutiérrez - 3. Reglamentación de las rentas financieras en el impuesto a las ganancias / José A. Moreno Gurrea - 4. Se reglamentó la última modificación del impuesto a las ganancias. ¿Y ahora? / Atilio V. Sánchez Ricciardi
041 _aspa
942 _cBK
590 _aniveau_biblio:m niveau_hierar:0
100 1 _aGutiérrez, Carlos J. S.
700 1 _aCaranta, Martín R.
700 1 _aMoreno Gurrea, José A.
700 1 _aSánchez Ricciardi, Atilio V.
856 4 1 _uhttps://biblioeco.unsa.edu.ar/pmb/images/libros/E00052.jpg
_yImagen de portada
_qimage/jpeg
999 _c3494
_d3494